000 00421pab a2200169 454500
008 180718b2001 xxu||||| |||| 00| 0 eng d
100 _aRao, P.V. Narasimha
245 _aLiberalisation and the public sector
260 _c2001
300 _ap.7-10
362 _a12 May
650 _aLiberalization - India
650 _aPublic sector - India
650 _aPublic sector
773 _aYoung Indian
909 _a48519
999 _c48519
_d48519